Pokémon Go: Weakest Pokémon - Statistics

General Stats
  • This quiz has been taken 96 times
    86 since last reset
  • The average score is 18 of 30
Answer Stats
CP Pokémon Type Region % Correct
274 Magikarp Water Kanto
97%
437 Caterpie Bug Kanto
86%
456 Weedle Bug / Poison Kanto
83%
274 Feebas Water Hoenn
76%
450 Metapod Bug Kanto
71%
432 Kakuna Bug / Poison Kanto
67%
598 Lotad Water / Grass Hoenn
66%
393 Shedinja Bug / Ghost Hoenn
66%
578 Wurmple Bug Hoenn
66%
364 Azurill Normal / Fairy Hoenn
64%
473 Pichu Electric Johto
64%
535 Igglybuff Normal / Fairy Johto
62%
461 Marill Water / Fairy Johto
60%
553 Silcoon Bug Hoenn
60%
553 Cascoon Bug Hoenn
59%
539 Ralts Psychic / Fairy Hoenn
59%
600 Hoppip Grass / Flying Johto
57%
492 Tyrogue Fighting Johto
55%
405 Shuckle Bug / Rock Johto
53%
494 Combee Bug / Flying Sinnoh
52%
598 Seedot Grass Hoenn
50%
401 Kricketot Bug Sinnoh
48%
618 Sentret Normal Johto
48%
395 Sunkern Grass Johto
48%
508 Zigzagoon Normal Hoenn
48%
603 Bronzor Steel / Psychic Sinnoh
45%
488 Burmy Bug Sinnoh
45%
431 Smeargle Normal Johto
41%
371 Happiny Normal Sinnoh
38%
534 Wynaut Psychic Hoenn
38%
No matching quizzes found
Score Distribution
Percent of People with Each Score
Percentile by Number Answered
Your Score History
You have not taken this quiz since the last reset